1065 1971 1217 1089 1369 1005 1446 1081 1363 1497 1003 1026 1310 1611 1950 1022 1559 1230 1222 1703 1986 1960 1728 1671 1580 1479 1954 1430 1142 1062 1683 1108 1077 1018 1659 1891 1429 1076 1892 1248 1915 1053 1232 1132 1524 1468 1280 1447 1917 1658 1187 1220 1400 1774 1044 1762 1749 1827 1298 1357 1154 1028 1403 1793 1942 1895 2000 1746 1413 1690 1541 1415 1266 1272 1202 1387 1455 1791 1892 1178 1034 1962 1188 1433 1226 1057 1575 1058 1716 1407 1960 1274 1210 1273 1649 1935 1524 1717 1604 BCNSPRNW ULIB Ver.6.0+V

เปลี่ยนเป็นภาษาไทย

Change to English
 แสดงรายละเอียดบรรณานุกรม
  กลับหน้าหลัก

Brief Record : Get Marc (ISO 2709) : E-mail record : QR code < ปิดหน้าต่าง
LEADER : 00000nam 2200000uu 4500
001    13399109562
003     ULIB
008    110405s2552||||th 000 0 tha d
020    9789740323921
060 04 WB320^bด662ต 2552
245 00 ตำราเวชศาสตร์ฟื้นฟู /^cบรรณาธิการ, ดุจใจ ชัยวานิชศิริ,วสุวัฒน์ กิติสมประยูรกุล
250    พิมพ์ครั้งที่ 1
260    กรุงเทพฯ :^bภาควิชาเวชศาสตร์ฟื้นฟู คณะแพทยศาสตร์จุฬาลงกรณ์มหาวิทยาลัย,^c2552
300    320 หน้า :^bภาพประกอบ ;^c30 ซม.
650  7 เวชศาสตร์ฟื้นฟู
650  7 การฟื้นฟูสมรรถภาพ
650  7 การประกอบโรคศิลป์
650  7 การประเมินการสูญเสียสมรรถภาพ
650  7 คนพิการ
700 0  ดุจใจ ชัยวานิชศิริ,^eบรรณาธิการ
700 0  วสุวัฒน์ กิติสมประยูรกุล,^eบรรณาธิการ
710 2  สภากาชาดไทย. ^bศูนย์เวชศาสตร์ฟื้นฟู
710 2  จุฬาลงกรณ์มหาวิทยาลัย. ^bคณะแพทยศาสตร์.^bภาควิชาเวชศาสตร์ฟื้นฟู
945    ^p250^l0^i027060
945    ^p250^l0^i027059
945    ^p250^l0^i026288
945    ^p250^l0^i027058
995    ทศพร
999 ^a ใช้งานได้ทุกระบบ
รายการนี้ยังไม่มีแท็ก
คุณยังไม่ได้ล็อกอิน คุณสามารถมีกิจกรรมร่วมกับเว็บไซต์ได้ แต่ต้องล็อกอินก่อน ::
  ล็อกอิน

รายการสื่อสารสนเทศ

ลำดับที่ ประเภท เลขเรียก/บาร์โค้ด สถานที่ สถานะ
1. วิทยาศาสตร์การแพทย์ และสุขภาพ
วิทยาศาสตร์การแพทย์ และสุขภาพ
WB320 ด662ต 2552 ฉ.4 
  Barcode: 027060
ห้องสมุดวิทยาเขตสวรรค์ประชารักษ์
►ส่วนจัดเก็บหนังสือเก่า สปร
บนชั้น
  ขอยืม

รายการใกล้เคียง
    หัวเรื่อง [เวชศาสตร์ฟื้นฟู]
    หัวเรื่อง [การฟื้นฟูสมรรถภาพ]
    หัวเรื่อง [การประกอบโรคศิลป์]
    หัวเรื่อง [การประเมินการสูญเสียสมรรถภาพ]
    หัวเรื่อง [คนพิการ]

BibComment


ยังไม่เคยถูกคอมเมนท์

คอมเมนท์ทรัพยากรรายการนี้
  คอมเมนท์: ตำราเวชศาสตร์ฟื้น..


 Copyright 2026. Bcnsprnw @Library